| 000 | 01722nam a22003137a 4500 | ||
|---|---|---|---|
| 003 | AR-RoUNA | ||
| 005 | 20250416184716.0 | ||
| 008 | 250416b |||||||| |||| 00| 0 spa d | ||
| 020 | _a9872255709 | ||
| 040 |
_aAR-RoUNA _bspa _dAR-RoUNA |
||
| 041 |
_aspa _hspa |
||
| 044 | _aag | ||
| 245 | 1 |
_aConstruir bicentenarios : _bArgentina / _cArjun Appadural ...[et al.]; Editado por Margarita Gutman. |
|
| 260 |
_aBuenos Aires : _bObservatorio Argentina ; The New Scool a University ; Caras y Caretas, Fundación Octubre, _c2005 |
||
| 300 |
_a372 p.: _bfot. byn. _c28x20 cm |
||
| 520 | _a El documento, esta organizado en cuatro partes. En la primera "Horizontes del bicentenario", se despliega una selección de miradas hacia el pasado; la segunda "Conmemorar desde otros horizontes"; la tercera "Construir el bicentenario", concentrándose sobre los objetivos y finalmente "El porvenir de bicentenario" explora ideas y proyectos a futuro, dando sentido a la toma de decisiones. Los autores reflexionan sobre el sentido, desafíos y opciones, memorias y expectativas que genera la oportunidad del bicentenario. Revisan, desde los problemas actuales, diferentes aspectos de la memoria del pasado y la proyectan sobre el horizonte. | ||
| 650 | 4 |
_aSociologia _vSociologia de la cultura |
|
| 650 | 4 | _aDesarrollo social | |
| 650 | 4 |
_aOrden social _vJuventud |
|
| 700 | 1 |
_aAppadural, Arjun _927053 |
|
| 700 | 1 |
_aFernandez de Kirchner, Cristina _d1953- _927054 |
|
| 700 | 1 |
_aSeoane, María _d1948- _927055 |
|
| 700 | 1 |
_aFeinmann, Jose Pablo _d1943-2021 _927056 |
|
| 908 | _aImp | ||
| 930 | _e12181 | ||
| 942 |
_2ddc _cLIB |
||
| 945 |
_aMIA _d2025-04-16 |
||
| 980 |
_61 _aMaricel Allasia _81 _gMaricel Allasia |
||
| 999 |
_c11920 _d11920 |
||